000 00452nam a2200169 i 4500
001 126612
003 ES-MaACL
005 20230906192841.0
007 t|
008 070214s1918 fr r ||||1| fre d
100 1 _aRevel, Jean.
_996388
245 1 0 _aHistoire des Normands /
_cJean Revel.
260 _aParis :
_bEvreux Ch. Herissey,
_c1918.
300 _a2 v. ;
_c23 cm.
650 4 _aNormandos-
_xHistoria.
_915595
852 _aES-MaACL
_jF-2298-99
999 _c126612
_d126612